| 000 | 00355nam a2200145Ia 4500 | ||
|---|---|---|---|
| 100 | _aAICTE | ||
| 942 | _cBK | ||
| 654 | _aMaching Processes | ||
| 245 | _aNon traditional Maching Processes C-NO: 244 | ||
| 260 |
_bContinuing Education Programmer AICTE _aBangalore _c1992 |
||
| 082 |
_a621.8 _bAICTE |
||
| 300 | _a241 | ||
| 546 | _aENGLISH | ||
| 999 |
_c21341 _d21341 |
||